000 00790cam a22002291 4500
001 he 67001228
003 DLC
005 20260227111447.0
008 870527r19641893is 000 0 hebr
010 _ahe 67001228
035 _a(OCoLC)15737191
040 _aDLC
_cTxU
_dTxU
_dDLC
042 _apremarc
050 0 0 _aBS1225
_b.M658
100 0 _aMoses ben Israel Benjamin,
_cof Ẓefat,
_ecomp.
245 1 0 _aYalkut Mosheh,
_bmeyusad ʻal shaʻar ha-Torah, shaʻar ha-regalim, shaʻar ha-parpaʼot ... shaʻar ha-mazalot, shaʻar ha-tekufot ... shaʻar ha-segulot, shaʻar refuʼot.
260 _aYerushalayim,
_c725, [1964 or 5]
300 _a81 l.
_c25 cm.
500 _aPhoto-offset of Munkács, 1893 or 4 ed.
630 0 0 _aBible.
_pPentateuch
_xCommentaries.
650 0 _aGematria.
999 _c32456
_d32456